000 00719nam a2200193Ia 4500
008 151119s9999||||xx |||||||||||||| ||und||
082 _a28.5
082 _bGKKV30711
100 _a"भोसले, सु बा"
245 _aआधुनिक भारतीय स्त्रीरत्न किरण बेदी
260 _a--
260 _b--
260 _c2009
600 _a"भोसले, सु बा"
630 _aआधुनिक भारतीय स्त्रीरत्न किरण बेदी
700 _a"भोसले, सु बा"
730 _aआधुनिक भारतीय स्त्रीरत्न किरण बेदी
942 _cBOOK
999 _c1083040
_d1083037